01740cam a22004097a 4500003000500000005001700005008004100022010001000063011001000073035001000083040000900093090001000102100005000112245015700162260004100319300002300360502008100383590003700464590004100501590004100542590004100583590004100624590004200665650003800707650003200745650003800777650003800815650003800853901000700891905002400898942000900922949006200931949005100993999001701044952014001061952012901201CHAP20220329142655.0020913d1990 mx r 00110 spa d a86328 a87300 a97843 cCHAP aTesis00aGutiérrez Aroyo, Leopoldo Alejandro.95162310aPropuesta de metodología para la presentación de proyectos de plantaciones comerciales, por obra públicac/por Leopoldo Alejandro Gutierrez Arroyo aChapingo, Méx. :bEl autor,c1990. a183 h. ;bgráfs. aTesis (Ing. Agr. Esp. en Bosques) -- UACH. División de Ciencias Forestales aALEPHb10c20130110lUCH01h1449 aBATCH-UPDb10c20130110lUCH01h0306 aBATCH-UPDb10c20130110lUCH01h1653 aBATCH-UPDb10c20130409lUCH01h2337 aBATCH-UPDb10c20130914lUCH01h1557 aCONVERSIONb10c20130109lUCH01h134814aPlantación de árboles.98878214aProyectosxDiseño.99252414aProyectosxFinanciamiento.99252614aReforestaciónxMéxico.99549814aSilvicultura sustentable.9106136 aBK aMayto Villalobos S. cFOLL aTesisbBCcTESd33724000877577eTS2fc.2h40010i97843si aTesisbBCcTESd97843123eTS1h40009i97843sb c86328d86328 00102local4053708TESISaBCbBCcPA_TESISd2019-12-31fTESISl0oTesisp33724000877577r2019-12-31 00:00:00tc.2w2019-12-31yTESIS 00102local4051708TESISaBCbBCcPA_TESISd2019-12-31fTESISl0oTesisp97843123r2019-12-31 00:00:00w2019-12-31yTESIS